Statistiques concernant Les oiseaux au cinéma

Cliquez ici pour prendre le quiz!

Statistiques générales

  • Ce quiz a été pris 168 fois
  • Le résultat moyen est 9 sur 15

Statistiques - réponses

FilmOiseau% Correct
Vol au-dessus d'un nid de ...coucou
94%
Le ... maltaisfaucon
84%
Harry Potter et l'ordre du ...phénix
83%
Vos gueules les ...mouettes
82%
L'affaire...pélican
65%
Les trois jours du ...condor
63%
Le crépuscule des ...aigles
61%
Jonathan Livingston le ...goéland
58%
Quand passent les ...cigognes
56%
Le cri du ...hibou
56%
Les oeufs de l' ...autruche
47%
La proie des ...vautours
40%
Adieu ...poulet
37%
Le cri du ... le soir au-dessus des jonquescormoran
37%
La cage aux ...rossignols
18%

Distribution des résultats

Percentile par nombre de réponses

% des personnes avec chaque résultat

Votre développement - résultats

Vous n’avez pas pris ce quiz